[Event "7. Lovsprings EMT Basis 2 1995"]
[Site "Ringsted"]
[Date "1995.03.10"]
[Round "1"]
[White "Hansen, Erik Olsgaard"]
[Black "Wesche, Thomas"]
[Result "1/2-1/2"]
[WhiteElo "1565"]
[BlackElo "1582"]
[PlyCount "73"]
[EventDate "1995.??.??"]

1. c4 g6 2. Nc3 Nf6 3. d4 d5 4. g3 b6 5. c5 bxc5 6. dxc5 d4 7. Qa4+ Qd7 8.
Qxd7+ Bxd7 9. Bg2 Bc6 10. Bxc6+ Nxc6 11. Nb5 Nd5 12. e3 dxe3 13. Bxe3 a6 14.
Nd4 Nxe3 15. fxe3 Nb4 16. Ke2 e5 17. a3 Nd5 18. Nc6 Bxc5 19. Nxe5 Nxe3 20. Ngf3
Bb6 21. Rae1 Rd8 22. Nd2 O-O 23. Nec4 Nxc4 24. Nxc4 Rfe8+ 25. Kf3 Rd3+ 26. Kg2
Rxe1 27. Rxe1 Rd4 28. Rc1 Kg7 29. Rc2 Re4 30. Kf3 Re6 31. Nd2 f5 32. Nc4 Kf6
33. Rd2 h5 34. Re2 Rxe2 35. Kxe2 Ke6 36. Nd2 Bd4 37. b3 1/2-1/2

[Event "7. Lovsprings EMT Basis 2 1995"]
[Site "Ringsted"]
[Date "1995.03.17"]
[Round "2"]
[White "Eddy, Samuel"]
[Black "Jorgensen, Mikkel"]
[Result "1/2-1/2"]
[WhiteElo "1690"]
[BlackElo "1570"]
[PlyCount "88"]
[EventDate "1995.??.??"]

1. e4 c6 2. d4 d5 3. e5 Bf5 4. g4 Bg6 5. h4 h5 6. e6 hxg4 7. exf7+ Bxf7 8. Qxg4
Nf6 9. Qg2 Qd6 10. Bd3 Qe6+ 11. Ne2 Nbd7 12. Bf4 O-O-O 13. Nbc3 Bh5 14. O-O-O
Qf7 15. Rde1 Bxe2 16. Rxe2 Nh5 17. Bh2 Nf4 18. Qg3 Nxe2+ 19. Bxe2 e5 20. dxe5
Nxe5 21. Qxe5 Bd6 22. Qd4 c5 23. Bg4+ Kb8 24. Bxd6+ Rxd6 25. Qe5 Qf6 26. Qg3 a6
27. Nxd5 Qg6 28. Ne7 Qg5+ 29. Kb1 Qxe7 30. Rd1 Rhd8 31. Rd3 Ka7 32. a3 Rxd3 33.
cxd3 Qd6 34. Kc2 Qd4 35. Qf3 Qa4+ 36. Kc1 Qd4 37. Kc2 c4 38. dxc4 Qxc4+ 39. Kb1
Qf1+ 40. Ka2 Qc4+ 41. Kb1 Re8 42. Qd1 Qf4 43. f3 Qc4 44. Qc1 Qd3+ 1/2-1/2

[Event "7. Lovsprings EMT Basis 2 1995"]
[Site "Ringsted"]
[Date "1995.03.17"]
[Round "2"]
[White "Hede, Kim Nygaard"]
[Black "Madsen, Tino"]
[Result "0-1"]
[WhiteElo "1687"]
[BlackElo "1534"]
[PlyCount "114"]
[EventDate "1995.??.??"]

1. e4 e5 2. Nf3 Nc6 3. Bc4 Nf6 4. d4 exd4 5. e5 Ne4 6. O-O Be7 7. Re1 d5 8.
exd6 Nxd6 9. Bd5 O-O 10. Bxc6 bxc6 11. Ne5 Bb7 12. Qxd4 Nb5 13. Qc4 Qd4 14. c3
Qxc4 15. Nxc4 Rad8 16. Na5 Ba8 17. a4 Nd6 18. Rxe7 Ne4 19. Nd2 Nxd2 20. Bxd2
Rxd2 21. Nc4 Rd5 22. Rxc7 Rfd8 23. h3 R5d7 24. Rxd7 Rxd7 25. Ne3 c5 26. Rd1
Rxd1+ 27. Nxd1 a5 28. Ne3 Be4 29. b3 Bb1 30. Nc4 Bc2 31. Nxa5 Kf8 32. Kf1 Ke7
33. Ke1 Kd6 34. Kd2 Be4 35. f3 Bd5 36. Kd3 h5 37. b4 cxb4 38. cxb4 Kc7 39. Kd4
Ba2 40. Kc5 h4 41. b5 Bb1 42. b6+ Kb8 43. b7 Kc7 44. b8=Q+ Kxb8 45. Kb6 Bd3 46.
Nc6+ Ka8 47. Nb4 Bf1 48. Nd5 Bxg2 49. a5 Bxf3 50. Nc7+ Kb8 51. a6 g5 52. a7+
Kc8 53. Nb5 Kd7 54. Nc7 g4 55. hxg4 h3 56. Na6 h2 57. Nc5+ Ke7 0-1

[Event "7. Lovsprings EMT Basis 2 1995"]
[Site "Ringsted"]
[Date "1995.03.17"]
[Round "2"]
[White "Hojlund, Ib"]
[Black "Larsen, Vagn"]
[Result "0-1"]
[WhiteElo "1651"]
[BlackElo "1697"]
[PlyCount "90"]
[EventDate "1995.??.??"]

1. e4 e5 2. Nf3 Nf6 3. Nc3 Nc6 4. Bc4 Bc5 5. O-O d6 6. h3 a6 7. a4 O-O 8. d3
Bd7 9. Bg5 h6 10. Bh4 Ne7 11. Bxf6 gxf6 12. Nh4 Kh7 13. Kh2 Be6 14. Nd5 Bxd5
15. Bxd5 Nxd5 16. exd5 Rg8 17. Nf5 Rg5 18. g4 Qd7 19. Qe2 h5 20. f3 hxg4 21.
hxg4 Rh8 22. Kg3 Qxf5 23. Rh1+ Kg7 24. Rxh8 Kxh8 25. Rh1+ Kg7 26. Kg2 Qf4 27.
Rh4 f5 28. Kh3 fxg4+ 29. Rxg4 Rxg4 30. fxg4 Qe3+ 31. Qxe3 Bxe3 32. Kg3 Bc1 33.
b3 Kf6 34. Kf3 Kg5 35. b4 b5 36. axb5 axb5 37. c4 Bd2 38. cxb5 Bxb4 39. Kg3 Bc5
40. Kf3 Kh4 41. g5 Kxg5 42. Kg3 f5 43. Kf3 f4 44. Kg2 Kg4 45. Kf1 Kf3 0-1

[Event "7. Lovsprings EMT Basis 2 1995"]
[Site "Ringsted"]
[Date "1995.03.17"]
[Round "2"]
[White "Jensen, Dan Bronnum"]
[Black "Pedersen, Jens Peter Fischer"]
[Result "1-0"]
[WhiteElo "1601"]
[BlackElo "1622"]
[PlyCount "51"]
[EventDate "1995.??.??"]

1. c4 b6 2. Nc3 Bb7 3. Nf3 f5 4. g3 e5 5. Bg2 Nc6 6. Nxe5 Nf6 7. d4 Bb4 8. O-O
Bxc3 9. bxc3 Ne4 10. Nxc6 dxc6 11. Qc2 Qe7 12. a4 O-O-O 13. a5 a6 14. axb6 cxb6
15. f3 Nf6 16. Qxf5+ Kb8 17. e4 Ka7 18. e5 Nd7 19. Bg5 Rdf8 20. Bxe7 Rxf5 21.
Bd6 Rh5 22. f4 b5 23. cxb5 cxb5 24. d5 Rc8 25. Bf3 Rh6 26. Bg4 1-0

[Event "7. Lovsprings EMT Basis 2 1995"]
[Site "Ringsted"]
[Date "1995.03.17"]
[Round "2"]
[White "Nielsen, Carl Otto"]
[Black "Eckert, Svend"]
[Result "1/2-1/2"]
[WhiteElo "1648"]
[BlackElo "1663"]
[PlyCount "67"]
[EventDate "1995.??.??"]

1. d4 Nf6 2. c4 d5 3. cxd5 Nxd5 4. Nf3 Bf5 5. Nbd2 Bg6 6. e4 Nb6 7. Bd3 N8d7 8.
Qc2 e6 9. O-O Be7 10. b3 O-O 11. Bb2 Rc8 12. Rac1 c5 13. Qb1 cxd4 14. Rxc8 Nxc8
15. Bxd4 Bc5 16. Bb2 Nd6 17. Nc4 Nxc4 18. Bxc4 Qb6 19. Qa1 f6 20. Nd4 Bf7 21.
Nf3 e5 22. Bxf7+ Rxf7 23. Qd1 Nf8 24. Qd5 Ne6 25. Nd2 Nf4 26. Qc4 Kf8 27. g3
Nh3+ 28. Kg2 Ng5 29. Qd5 Qd6 30. Qxd6+ Bxd6 31. h4 Ne6 32. Nc4 Bc5 33. Rd1 Nd4
34. Ne3 1/2-1/2

[Event "7. Lovsprings EMT Basis 2 1995"]
[Site "Ringsted"]
[Date "1995.03.17"]
[Round "2"]
[White "Pondal, Jesper"]
[Black "Petersen, Jesper"]
[Result "1-0"]
[WhiteElo "1635"]
[BlackElo "1578"]
[PlyCount "63"]
[EventDate "1995.??.??"]

1. d4 Nf6 2. Bg5 e6 3. e4 Be7 4. e5 Nd5 5. Bxe7 Nxe7 6. Bd3 b6 7. Qg4 Bb7 8.
Nf3 Ng6 9. h4 h5 10. Qg3 Rh6 11. Nbd2 Nc6 12. c3 Nce7 13. Ng5 d6 14. f4 Qd7 15.
Rf1 Rd8 16. O-O-O c5 17. Nc4 Nh8 18. Nxd6+ Kf8 19. dxc5 bxc5 20. f5 exf5 21.
Bxf5 Nxf5 22. Rxf5 f6 23. exf6 gxf6 24. Qe3 Bc8 25. Ne6+ Qxe6 26. Qxh6+ Kg8 27.
Rxf6 Qg4 28. Rdf1 Qg7 29. Qxg7+ Kxg7 30. Ne4 c4 31. Nd2 Bb7 32. R6f5 1-0

[Event "7. Lovsprings EMT Basis 2 1995"]
[Site "Ringsted"]
[Date "1995.03.17"]
[Round "2"]
[White "Steffensen, Hans Henrik"]
[Black "Elholm, Tommy"]
[Result "0-1"]
[WhiteElo "1546"]
[BlackElo "1684"]
[PlyCount "90"]
[EventDate "1995.??.??"]

1. e4 c5 2. Bc4 e6 3. Nc3 a6 4. a4 Nc6 5. Nf3 Qc7 6. O-O Nf6 7. d3 Be7 8. Bg5
O-O 9. Re1 d6 10. h3 b6 11. Be3 Bb7 12. Ne2 d5 13. exd5 exd5 14. Bb3 Bd6 15. c3
Na5 16. Ba2 d4 17. cxd4 Bxf3 18. gxf3 Qd7 19. Kg2 Qf5 20. dxc5 bxc5 21. Qd2 Nc6
22. f4 Nd5 23. Bc4 Rae8 24. Bxa6 Re6 25. Bc4 Rg6+ 26. Ng3 Nxf4+ 27. Bxf4 Bxf4
28. Qe2 Nd4 29. Qd1 Qd7 30. Re4 Bxg3 31. fxg3 Nf5 32. g4 h5 33. Kf2 Nd4 34. a5
Qd6 35. Qh1 Rf6+ 36. Kg2 h4 37. Qe1 Nf3 38. Qh1 Qg3+ 39. Kf1 Nd2+ 40. Ke2 Rf2+
41. Kd1 Rh2 42. Qe1 Qf3+ 43. Qe2 Rxe2 44. Rxe2 Nxc4 45. b3 Qxd3+ 0-1

[Event "7. Lovsprings EMT Basis 2 1995"]
[Site "Ringsted"]
[Date "1995.03.17"]
[Round "2"]
[White "Wesche, Thomas"]
[Black "Aage, Bjarke Gadgaard"]
[Result "1-0"]
[WhiteElo "1582"]
[BlackElo "1593"]
[PlyCount "69"]
[EventDate "1995.??.??"]

1. e4 Nf6 2. e5 Nd5 3. d4 d6 4. Nf3 dxe5 5. Nxe5 Bf5 6. c4 Bxb1 7. Rxb1 Nf6 8.
Be3 e6 9. Qa4+ c6 10. Be2 Nbd7 11. Nd3 Bd6 12. O-O O-O 13. Rfd1 Qc7 14. h3 c5
15. Nxc5 Nxc5 16. dxc5 Bxc5 17. Bxc5 Qxc5 18. b4 Qc7 19. Qb3 Rad8 20. Bf3 Nd7
21. c5 Ne5 22. Be4 b6 23. c6 b5 24. Rbc1 Nc4 25. a4 a6 26. axb5 axb5 27. Rxd8
Rxd8 28. Rd1 Nd6 29. Qg3 Qe7 30. Qe5 f6 31. Qc5 Qc7 32. Bf3 Kf7 33. Ra1 Kg8 34.
Ra7 Qc8 35. c7 1-0

[Event "7. Lovsprings EMT Basis 2 1995"]
[Site "Ringsted"]
[Date "1995.03.24"]
[Round "3"]
[White "Aage, Bjarke Gadgaard"]
[Black "Elholm, Tommy"]
[Result "1-0"]
[WhiteElo "1593"]
[BlackElo "1684"]
[PlyCount "77"]
[EventDate "1995.??.??"]

1. e4 c5 2. c3 Nf6 3. e5 Nd5 4. d4 e6 5. f4 Nc6 6. c4 Ndb4 7. a3 Na6 8. d5 Nd4
9. d6 g6 10. Nf3 Nxf3+ 11. Qxf3 Rb8 12. Bd3 f5 13. Nc3 b6 14. Qh3 Bb7 15. Rg1
Bg7 16. Be3 O-O 17. g4 Bc6 18. gxf5 exf5 19. Be2 Qe8 20. Qg3 Qf7 21. h4 Bxe5
22. fxe5 f4 23. Bxf4 Qxf4 24. Nd5 Bxd5 25. cxd5 c4 26. h5 Kg7 27. hxg6 h6 28.
e6 Qe4 29. Qc3+ Kg8 30. Qxc4 Qe3 31. Rg4 Rbc8 32. Qxa6 Rc2 33. Qd3 Qf2+ 34. Kd1
Rxb2 35. g7 Rc8 36. Rc1 Rxc1+ 37. Kxc1 Ra2 38. Qh7+ Kxh7 39. g8=Q# 1-0

[Event "7. Lovsprings EMT Basis 2 1995"]
[Site "Ringsted"]
[Date "1995.03.24"]
[Round "3"]
[White "Eckert, Svend"]
[Black "Hansen, Erik Olsgaard"]
[Result "1/2-1/2"]
[WhiteElo "1663"]
[BlackElo "1565"]
[PlyCount "102"]
[EventDate "1995.??.??"]

1. e4 c6 2. d4 d5 3. Nc3 dxe4 4. Nxe4 Nf6 5. Nxf6+ gxf6 6. Bc4 Bf5 7. Be3 Bg7
8. Ne2 Nd7 9. Nf4 Bg6 10. h4 Nb6 11. Qe2 Nxc4 12. Qxc4 h6 13. Rd1 Qd6 14. Nxg6
fxg6 15. O-O Qd5 16. Qd3 Qh5 17. d5 Rd8 18. c4 f5 19. Bd4 e5 20. Rfe1 Kf7 21.
Bxe5 cxd5 22. Bxg7 Kxg7 23. Re7+ Kf6 24. Rde1 Qxh4 25. R1e6+ Kg5 26. Qe3+ Kh5
27. Rg7 dxc4 28. Qf3+ Qg4 29. Rexg6 Qxf3 30. gxf3 Rd1+ 31. Kg2 Re8 32. Rg3 Rd4
33. Rxb7 Re2 34. Rf7 Rf4 35. Rxa7 Rxb2 36. Ra6 Rd4 37. Rgg6 Rdd2 38. Rxh6+ Kg5
39. Rag6+ Kf4 40. Rh4+ Ke5 41. Rxc4 Rxf2+ 42. Kg1 Rxa2 43. f4+ Rxf4 44. Re6+
Kxe6 45. Rxf4 Ke5 46. Rb4 f4 47. Kf1 Kf5 48. Rc4 Kg4 49. Rc3 Ra1+ 50. Kf2 f3
51. Rc4+ Kf5 1/2-1/2

[Event "7. Lovsprings EMT Basis 2 1995"]
[Site "Ringsted"]
[Date "1995.03.24"]
[Round "3"]
[White "Hede, Kim Nygaard"]
[Black "Jorgensen, Mikkel"]
[Result "1-0"]
[WhiteElo "1687"]
[BlackElo "1570"]
[PlyCount "71"]
[EventDate "1995.??.??"]

1. Nf3 c5 2. e4 Nc6 3. d3 g6 4. Be2 Bg7 5. O-O d6 6. Nc3 Nf6 7. Re1 O-O 8. Bg5
Re8 9. Bf1 Ng4 10. h3 Nge5 11. Nxe5 Bxe5 12. Rb1 Qa5 13. Nd5 f6 14. Bd2 Qd8 15.
c3 f5 16. Be3 Bg7 17. Qb3 e6 18. Nf4 Na5 19. Qc2 e5 20. Nd5 Be6 21. b4 cxb4 22.
cxb4 Rc8 23. Qa4 Nc6 24. b5 f4 25. bxc6 fxe3 26. cxb7 exf2+ 27. Kxf2 Qh4+ 28.
Kg1 Rb8 29. Nc7 Qe7 30. Nxe8 Bd7 31. Qxa7 Qxe8 32. Rec1 Bh6 33. Rc7 Be6 34. Qf2
Bf4 35. Qh4 h6 36. Qf6 1-0

[Event "7. Lovsprings EMT Basis 2 1995"]
[Site "Ringsted"]
[Date "1995.03.24"]
[Round "3"]
[White "Madsen, Tino"]
[Black "Hojlund, Ib"]
[Result "1-0"]
[WhiteElo "1534"]
[BlackElo "1651"]
[PlyCount "62"]
[EventDate "1995.??.??"]

1. e4 e5 2. Nf3 Nc6 3. Bc4 Nf6 4. Ng5 d5 5. exd5 Na5 6. Bb5+ c6 7. dxc6 bxc6 8.
Be2 h6 9. Nf3 e4 10. Ne5 Qd4 11. f4 Bc5 12. Rf1 O-O 13. c3 Qd8 14. b4 Nd5 15.
bxc5 Qh4+ 16. Rf2 Qxh2 17. Qa4 Nxf4 18. Bf1 Nd3+ 19. Nxd3 exd3 20. Bxd3 Re8+
21. Kd1 Qh5+ 22. Kc2 Qxc5 23. Qf4 Be6 24. Ba3 Qb6 25. Bb4 Rab8 26. Qd4 Qxd4 27.
cxd4 Rxb4 28. Nc3 Rxd4 29. Rb1 Red8 30. Rf3 Rxd3 31. Rxd3 Bf5 1-0

[Event "7. Lovsprings EMT Basis 2 1995"]
[Site "Ringsted"]
[Date "1995.03.24"]
[Round "3"]
[White "Pedersen, Jens Peter Fischer"]
[Black "Jensen, Arne Skov"]
[Result "1-0"]
[WhiteElo "1622"]
[BlackElo "1537"]
[PlyCount "55"]
[EventDate "1995.??.??"]

1. d4 d5 2. Nf3 c6 3. Bf4 Nf6 4. e3 Bg4 5. Nbd2 Nbd7 6. c4 e6 7. c5 Qa5 8. a3
Be7 9. b4 Qd8 10. Bd3 Nh5 11. Qc2 Nxf4 12. exf4 h6 13. h3 Bxf3 14. Nxf3 a5 15.
b5 cxb5 16. Bxb5 O-O 17. O-O Rc8 18. Ne5 Nb8 19. a4 Qc7 20. Rac1 Bd8 21. Rfe1
Nc6 22. Bxc6 bxc6 23. f5 exf5 24. Qxf5 Re8 25. Nxf7 Qxf7 26. Qxc8 Rxe1+ 27.
Rxe1 Qf6 28. Re8+ 1-0

[Event "7. Lovsprings EMT Basis 2 1995"]
[Site "Ringsted"]
[Date "1995.03.24"]
[Round "3"]
[White "Petersen, Jesper"]
[Black "Jensen, Dan Bronnum"]
[Result "1-0"]
[WhiteElo "1578"]
[BlackElo "1601"]
[PlyCount "67"]
[EventDate "1995.??.??"]

1. d4 d5 2. c4 e6 3. Nc3 Nf6 4. Nf3 Nbd7 5. Bg5 c6 6. e3 Qa5 7. Bxf6 Nxf6 8.
Bd3 dxc4 9. Bxc4 Bb4 10. Qc2 Nd5 11. Rc1 O-O 12. O-O Bd6 13. Ng5 g6 14. Nce4
Be7 15. Nf3 Qd8 16. a3 Bd7 17. Ne5 f6 18. Nf3 Rc8 19. Qb3 b5 20. Bd3 Be8 21.
Nc5 Bf7 22. g3 Bxc5 23. Rxc5 e5 24. Qc2 exd4 25. Nxd4 Ne7 26. Be4 Nd5 27. Nxc6
Qd6 28. Bxd5 Bxd5 29. Ne7+ Qxe7 30. Rxc8 Qb7 31. Rxf8+ Kxf8 32. Rc1 Be6 33. Qc7
Qd5 34. Qc5+ 1-0

[Event "7. Lovsprings EMT Basis 2 1995"]
[Site "Ringsted"]
[Date "1995.03.24"]
[Round "3"]
[White "Pondal, Jesper"]
[Black "Larsen, Vagn"]
[Result "1/2-1/2"]
[WhiteElo "1635"]
[BlackElo "1697"]
[PlyCount "72"]
[EventDate "1995.??.??"]

1. d4 Nf6 2. Bg5 c6 3. Bxf6 gxf6 4. e3 d5 5. c4 e5 6. Nf3 Bg4 7. Qb3 Qa5+ 8.
Nc3 Bb4 9. a3 Bxc3+ 10. bxc3 Qb6 11. Rb1 Qxb3 12. Rxb3 Bxf3 13. gxf3 b6 14.
cxd5 exd4 15. cxd4 Ke7 16. dxc6 Nxc6 17. Bd3 Na5 18. Rc3 Rac8 19. Rxc8 Rxc8 20.
O-O h6 21. h4 Rc3 22. Rd1 Nb7 23. Bb5 Nd6 24. Rb1 f5 25. Kg2 Ke6 26. Kg3 Kf6
27. Kf4 Rc2 28. e4 fxe4 29. fxe4 Nxb5 30. Rxb5 Rxf2+ 31. Kg3 Rd2 32. Rb4 Ke6
33. a4 f5 34. e5 Re2 35. Rc4 Re3+ 36. Kf2 Re4 1/2-1/2

[Event "7. Lovsprings EMT Basis 2 1995"]
[Site "Ringsted"]
[Date "1995.03.31"]
[Round "4"]
[White "Aage, Bjarke Gadgaard"]
[Black "Madsen, Tino"]
[Result "0-1"]
[WhiteElo "1593"]
[BlackElo "1534"]
[PlyCount "48"]
[EventDate "1995.??.??"]

1. e4 e5 2. Nf3 Nc6 3. Bc4 Nf6 4. d4 exd4 5. Nxd4 Bc5 6. Nxc6 bxc6 7. e5 Ne4 8.
Qf3 O-O 9. Qxe4 d5 10. Qf3 dxc4 11. Qxc6 Qe7 12. O-O Rb8 13. Qe4 Qe6 14. Nd2
Bb7 15. Qf4 Qg6 16. g3 Qc6 17. Nf3 Qxf3 18. Qxf3 Bxf3 19. Re1 Rfd8 20. Bg5 Rd5
21. b3 Bd4 22. bxc4 Rxe5 23. Rxe5 Bxe5 24. Re1 Bc3 0-1

[Event "7. Lovsprings EMT Basis 2 1995"]
[Site "Ringsted"]
[Date "1995.03.31"]
[Round "4"]
[White "Eckert, Svend"]
[Black "Pondal, Jesper"]
[Result "1-0"]
[WhiteElo "1663"]
[BlackElo "1635"]
[PlyCount "63"]
[EventDate "1995.??.??"]

1. e4 c5 2. f4 d6 3. Nf3 Nc6 4. d4 cxd4 5. Nxd4 e5 6. Nf3 Be7 7. Be2 Nf6 8. Nc3
a6 9. fxe5 dxe5 10. O-O O-O 11. Be3 Ng4 12. Qxd8 Rxd8 13. Bb6 Re8 14. Nd5 Bd8
15. Bxd8 Rxd8 16. Rad1 Be6 17. Ng5 Nh6 18. Nxe6 fxe6 19. Nc7 Rac8 20. Nxe6 Re8
21. Bc4 Kh8 22. Bd5 Re7 23. c3 Ng4 24. Rf8+ Rxf8 25. Nxf8 g6 26. Bxc6 bxc6 27.
Rd7 Rxd7 28. Nxd7 Kg7 29. h3 Ne3 30. Nxe5 Nd1 31. Nc4 Kf6 32. Kf1 1-0

[Event "7. Lovsprings EMT Basis 2 1995"]
[Site "Ringsted"]
[Date "1995.03.31"]
[Round "4"]
[White "Elholm, Tommy"]
[Black "Jensen, Dan Bronnum"]
[Result "1-0"]
[WhiteElo "1684"]
[BlackElo "1601"]
[PlyCount "79"]
[EventDate "1995.??.??"]

1. d4 d5 2. c4 e6 3. Nf3 Nf6 4. Bg5 Nbd7 5. Nbd2 c6 6. c5 Qa5 7. Bxf6 Nxf6 8.
e3 Be7 9. Bd3 b6 10. cxb6 axb6 11. O-O Qa7 12. a3 Bd6 13. Rc1 Bb7 14. Re1 O-O
15. e4 dxe4 16. Nxe4 Be7 17. Ne5 Nxe4 18. Rxe4 c5 19. Rg4 f5 20. Rg3 Rad8 21.
Qh5 Rf6 22. Rh3 h6 23. Bb5 Qa8 24. Bd7 Bd5 25. Rg3 Bd6 26. Bb5 Qb7 27. Nd7 Bxg3
28. Nxf6+ gxf6 29. hxg3 Qg7 30. dxc5 bxc5 31. Rxc5 Bb3 32. Rc3 Bd1 33. Be2 Ba4
34. Qh4 Be8 35. Qb4 Qd7 36. Qf4 Qg7 37. Rc7 Qg6 38. Qe3 Bf7 39. b4 Kg7 40. Qxe6
1-0

[Event "7. Lovsprings EMT Basis 2 1995"]
[Site "Ringsted"]
[Date "1995.03.31"]
[Round "4"]
[White "Jensen, Arne Skov"]
[Black "Hede, Kim Nygaard"]
[Result "0-1"]
[WhiteElo "1537"]
[BlackElo "1687"]
[PlyCount "86"]
[EventDate "1995.??.??"]

1. d4 Nf6 2. c4 d6 3. Nf3 Nbd7 4. Nc3 e5 5. Bg5 Be7 6. e3 O-O 7. dxe5 dxe5 8.
Bd3 c6 9. O-O Qc7 10. Ne4 Rd8 11. Qc2 h6 12. Bh4 Re8 13. Rad1 Nxe4 14. Bxe4
Bxh4 15. Nxh4 Nf6 16. a3 Nxe4 17. Qxe4 g6 18. c5 Be6 19. Rd6 Rad8 20. Rfd1 Bd5
21. Qa4 b6 22. Rxd8 Rxd8 23. e4 Bxe4 24. Rxd8+ Qxd8 25. f3 Qxh4 26. Qxe4 Qxe4
27. fxe4 f5 28. cxb6 axb6 29. Kf2 Kf7 30. b3 Ke6 31. Ke3 Kd6 32. h3 f4+ 33. Kd3
Kc5 34. Kc3 g5 35. a4 h5 36. b4+ Kd6 37. a5 bxa5 38. bxa5 Kc5 39. a6 Kb6 40.
Kc4 g4 41. hxg4 hxg4 42. a7 Kxa7 43. Kc5 f3 0-1

[Event "7. Lovsprings EMT Basis 2 1995"]
[Site "Ringsted"]
[Date "1995.03.31"]
[Round "4"]
[White "Jorgensen, Mikkel"]
[Black "Steffensen, Hans Henrik"]
[Result "1-0"]
[WhiteElo "1570"]
[BlackElo "1546"]
[PlyCount "31"]
[EventDate "1995.??.??"]

1. d4 Nf6 2. f3 b6 3. e4 e6 4. Be3 Bb7 5. c4 Nxe4 6. fxe4 Bxe4 7. Nf3 Be7 8.
Nc3 Bb7 9. Bd3 d6 10. O-O Nd7 11. Ne4 f5 12. Neg5 Bxg5 13. Bxg5 Nf6 14. Re1 Qd7
15. Bxf5 Kd8 16. Bxe6 1-0

[Event "7. Lovsprings EMT Basis 2 1995"]
[Site "Ringsted"]
[Date "1995.03.31"]
[Round "4"]
[White "Nielsen, Carl Otto"]
[Black "Larsen, Vagn"]
[Result "1/2-1/2"]
[WhiteElo "1648"]
[BlackElo "1697"]
[PlyCount "163"]
[EventDate "1995.??.??"]

1. d4 Nf6 2. c4 e6 3. Nc3 b6 4. Bg5 Be7 5. Nf3 Bb7 6. e3 d6 7. Be2 Nbd7 8. b4
h6 9. Bh4 Ne4 10. Bxe7 Qxe7 11. Nxe4 Bxe4 12. O-O O-O 13. Nd2 Nf6 14. Nxe4 Nxe4
15. Bf3 f5 16. Rc1 a5 17. b5 Rac8 18. g3 c5 19. d5 Ng5 20. Bg2 e5 21. h4 Nh7
22. e4 fxe4 23. Bxe4 Nf6 24. Bf5 Rc7 25. f3 Kh8 26. Qd3 Nh5 27. Kg2 Qf6 28. Bg6
Nxg3 29. Kxg3 Qf4+ 30. Kh3 Rf6 31. Rc2 Rc8 32. Qe4 Rcf8 33. Qxf4 Rxf4 34. Be4
Rxe4 35. fxe4 Rxf1 36. Rg2 Rf3+ 37. Kh2 Kh7 38. h5 Rf6 39. Kh3 Rf3+ 40. Kh2 Rf6
41. Kh3 g6 42. hxg6+ Rxg6 43. Rf2 Kg7 44. Rf1 Rf6 45. Rg1+ Kf7 46. Rg2 Rf3+ 47.
Kh2 Rc3 48. Rf2+ Ke7 49. Rg2 Rxc4 50. Rg7+ Ke8 51. Rb7 Rc2+ 52. Kg3 Rxa2 53.
Rxb6 Kd7 54. Rb7+ Kc8 55. Rb6 a4 56. Rxd6 a3 57. Rc6+ Kd7 58. b6 Rb2 59. Rxc5
Rxb6 60. Ra5 Rb3+ 61. Kg4 h5+ 62. Kxh5 Rb4 63. Kg5 Rxe4 64. Kf5 Re3 65. Ra4 a2
66. Rxa2 Kd6 67. Rd2 Rf3+ 68. Ke4 Rf4+ 69. Ke3 Rh4 70. Rd1 Ra4 71. Rd3 Ra5 72.
Ke4 Ra1 73. Ke3 Re1+ 74. Kf2 Rh1 75. Ke2 Rh2+ 76. Ke1 Ra2 77. Rd2 Ra5 78. Ke2
Rxd5 79. Rxd5+ Kxd5 80. Kd3 e4+ 81. Ke3 Ke5 82. Ke2 1/2-1/2

[Event "7. Lovsprings EMT Basis 2 1995"]
[Site "Ringsted"]
[Date "1995.03.31"]
[Round "4"]
[White "Pedersen, Jens Peter Fischer"]
[Black "Eddy, Samuel"]
[Result "0-1"]
[WhiteElo "1622"]
[BlackElo "1690"]
[PlyCount "56"]
[EventDate "1995.??.??"]

1. e4 c6 2. Nc3 d5 3. exd5 cxd5 4. d4 Nf6 5. Bd3 Nc6 6. Nge2 Bg4 7. f3 Bh5 8.
Be3 e6 9. Qd2 Bb4 10. a3 Qa5 11. O-O Bd6 12. b4 Qc7 13. b5 Bxh2+ 14. Kh1 Ne7
15. Bg5 Bd6 16. b6 axb6 17. Bxf6 gxf6 18. Bb5+ Nc6 19. Qh6 Bg6 20. Qg7 O-O-O
21. Qxf6 Be7 22. Qg7 Rdg8 23. Qh6 Nxd4 24. Nxd4 Qxc3 25. Ne2 Qe5 26. g4 Bg5 27.
Qh3 h5 28. Kg2 hxg4 0-1

[Event "7. Lovsprings EMT Basis 2 1995"]
[Site "Ringsted"]
[Date "1995.04.28"]
[Round "5"]
[White "Eddy, Samuel"]
[Black "Hojlund, Ib"]
[Result "0-1"]
[WhiteElo "1690"]
[BlackElo "1651"]
[PlyCount "120"]
[EventDate "1995.??.??"]

1. e4 e5 2. d4 exd4 3. Qxd4 Nc6 4. Qe3 b6 5. Nc3 Nf6 6. Bd2 Bc5 7. Qg3 Nh5 8.
Qf3 Nd4 9. Qxh5 Nxc2+ 10. Kd1 Nxa1 11. Bc4 O-O 12. Nf3 Qf6 13. Ng5 Qg6 14. Qxg6
hxg6 15. Bf4 c6 16. Kd2 b5 17. Bd3 Nb3+ 18. axb3 Bxf2 19. Bd6 Re8 20. e5 Bh4
21. Nf3 Bd8 22. Nxb5 cxb5 23. Be4 Ba5+ 24. Kc2 Ba6 25. Bxa8 Rxa8 26. Ra1 Rc8+
27. Kb1 Bb7 28. Rxa5 a6 29. Ra1 f6 30. Ka2 Rc2 31. Rf1 Rxg2 32. h4 Rg4 33. b4
Bd5+ 34. Kb1 f5 35. Kc1 Rc4+ 36. Kd2 Rg4 37. Ke3 Re4+ 38. Kf2 Rf4 39. Kg3 Rg4+
40. Kh3 Rc4 41. Rf2 Rc1 42. Nh2 Re1 43. Nf1 Bc6 44. Ng3 Re3 45. h5 Kh7 46. Kh4
g5+ 47. Kxg5 Rxg3+ 48. Kxf5 Re3 49. Kg5 Bd5 50. Kf4 Re4+ 51. Kg5 Be6 52. Rg2
Re1 53. Bc7 Rf1 54. Bd6 Rf3 55. Bc7 Rf5+ 56. Kh4 Rf4+ 57. Kg3 Rxb4 58. Bd6 Rg4+
59. Kf3 Rh4 60. Rg1 Bd5+ 0-1

[Event "7. Lovsprings EMT Basis 2 1995"]
[Site "Ringsted"]
[Date "1995.04.28"]
[Round "5"]
[White "Jensen, Dan Bronnum"]
[Black "Jorgensen, Mikkel"]
[Result "0-1"]
[WhiteElo "1601"]
[BlackElo "1570"]
[PlyCount "136"]
[EventDate "1995.??.??"]

1. e4 c6 2. d4 d5 3. Nc3 dxe4 4. Nxe4 Nf6 5. Nxf6+ gxf6 6. Nf3 Bf5 7. Bd3 Bg6
8. Be3 e6 9. a3 Nd7 10. Qd2 Bd6 11. O-O Qc7 12. c4 c5 13. b4 cxd4 14. Bxd4 Bh5
15. c5 Bxf3 16. cxd6 Qxd6 17. Bc5 Qc6 18. g3 Ne5 19. Qe3 Bg2 20. Rfd1 Bh1 21.
Bb5 Qxb5 22. Kxh1 Qc6+ 23. Kg1 Nf3+ 24. Kf1 Nxh2+ 25. Ke2 Qb5+ 26. Rd3 Ng4 27.
Qf4 Ne5 28. Rad1 Nxd3 29. Rxd3 Rd8 30. Bd6 Rxd6 31. Qxd6 Qe5+ 32. Kf3 Qxd6 33.
Rxd6 Ke7 34. Rd3 Rd8 35. Rc3 e5 36. Kg4 Ke6 37. Kh5 f5 38. Kh6 e4 39. Re3 Rd3
40. Kxh7 Ke5 41. Kg7 f4 42. gxf4+ Kxf4 43. Re2 Rxa3 44. Rb2 Kf3 45. Kxf7 Ra1
46. Kf6 Kf4 47. Ke6 Rh1 48. Kd5 Rh2 49. Re2 Rh5+ 50. Kd4 Re5 51. Re3 Re7 52.
Kd5 Rd7+ 53. Kc4 Rd2 54. Ra3 a6 55. b5 axb5+ 56. Kxb5 Rxf2 57. Kc4 Rd2 58. Rh3
e3 59. Kc3 Rd6 60. Rh2 Kg3 61. Rh7 e2 62. Re7 Kf2 63. Rf7+ Ke1 64. Kc2 Rc6+ 65.
Kd3 Kd1 66. Rxb7 Rd6+ 67. Kc4 e1=Q 68. Rb1+ Ke2 0-1

[Event "7. Lovsprings EMT Basis 2 1995"]
[Site "Ringsted"]
[Date "1995.04.28"]
[Round "5"]
[White "Larsen, Vagn"]
[Black "Eckert, Svend"]
[Result "0-1"]
[WhiteElo "1697"]
[BlackElo "1663"]
[PlyCount "126"]
[EventDate "1995.??.??"]

1. d4 Nf6 2. c4 e5 3. dxe5 Ne4 4. Nf3 b6 5. g3 Bb7 6. Bg2 Nc6 7. O-O Bc5 8.
Nbd2 d5 9. cxd5 Qxd5 10. Ng5 Nxf2 11. Rxf2 Bxf2+ 12. Kxf2 Qc5+ 13. e3 O-O-O 14.
Qg4+ Kb8 15. Ngf3 Nb4 16. Qc4 Nd3+ 17. Ke2 Qa5 18. Nb3 Bxf3+ 19. Kxf3 Nxe5+ 20.
Ke2 Nxc4 21. Nxa5 Nxa5 22. b3 Nb7 23. Bb2 f6 24. g4 Rd6 25. Ba3 c5 26. Rd1 Rxd1
27. Kxd1 Re8 28. Ke2 Nd6 29. Kd3 Rd8 30. Bb2 Nf7+ 31. Ke2 Ne5 32. h3 Nd3 33.
Ba3 Nb4 34. Be4 Nxa2 35. Bb2 h6 36. h4 Nb4 37. g5 hxg5 38. hxg5 Rf8 39. gxf6
gxf6 40. Kf3 Kc7 41. Kf4 Kd6 42. Kf5 Nd5 43. Bc1 Ne7+ 44. Kf4 f5 45. Bd3 Ke6
46. Bc4+ Nd5+ 47. Kf3 Kd6 48. Bd3 Nb4 49. Bb5 a6 50. Bf1 b5 51. Kf4 Nd5+ 52.
Kf3 Rh8 53. Bg2 Rh4 54. Bd2 c4 55. bxc4 Rxc4 56. Bf1 Rc2 57. Ba5 Ra2 58. Bd8
Ra3 59. Bg5 b4 60. Bh6 a5 61. Ke2 b3 62. Bf8+ Ne7 63. Bg7 b2 0-1

[Event "7. Lovsprings EMT Basis 2 1995"]
[Site "Ringsted"]
[Date "1995.04.28"]
[Round "5"]
[White "Pedersen, Jens Peter Fischer"]
[Black "Aage, Bjarke Gadgaard"]
[Result "0-1"]
[WhiteElo "1622"]
[BlackElo "1593"]
[PlyCount "38"]
[EventDate "1995.??.??"]

1. e4 Nf6 2. Nc3 d5 3. exd5 Nxd5 4. Bc4 Nb6 5. Bb3 Nc6 6. Nf3 Bg4 7. Bxf7+ Kd7
8. Bd5 Nxd5 9. Nxd5 e6 10. Ne3 Bh5 11. c3 Bd6 12. d4 Qf6 13. g4 Bg6 14. g5 Qf7
15. Nc4 Rad8 16. Nfe5+ Bxe5 17. Nxe5+ Nxe5 18. dxe5+ Kc8 19. Qe2 Bh5 0-1